[79-99 : vint anys d’ajuntaments democràtics] vint anys d’ajuntaments democràtics]
Descripción Física:
1 adhesiu ; 9 x 4,5 cm
MARC
| LEADER | 00000nam a2200000Ia 4500 | ||
|---|---|---|---|
| 001 | 24469 | ||
| 008 | 160829s9999 xx 000 0 cat d | ||
| 080 | |a NBM-11-9 | ||
| 245 | |a [79-99 : |b vint anys d’ajuntaments democràtics] | ||
| 260 | |a [Barcelona] : |b [Diputació de Barcelona], [s.a] | ||
| 300 | |a 1 adhesiu ; |c 9 x 4,5 cm | ||
| 590 | |a Un adhesiu amb fons negre per celebrar els 20 anys de l’existència d’ajuntaments democràtics | ||
| 710 | 1 | |a Barcelona (Catalunya : Província). |b Diputació |9 52408 | |
| 901 | |a Arxiu | ||
| 942 | |n 1 | ||
| 952 | |0 0 |1 0 |4 0 |6 NBM119 |7 1 |9 55180 |a Arxiu |b Arxiu |d 2016-12-01 |l 0 |o NBM-11-9 |p 24469 |r 2016-12-01 00:00:00 |w 2016-12-01 |y ARXIU | ||
| 999 | |c 59052 |d 59052 | ||